[Event "Leipzig VfB op 13th"]
[Site "Leipzig"]
[Date "2006.03.15"]
[Round "2"]
[White "Podolnyy, Jakiv"]
[Black "Braun, Gottfried"]
[Result "0-1"]
[WhiteElo "2039"]
[BlackElo "2314"]
[PlyCount "130"]
[EventDate "2006.03.14"]
[EventType "swiss"]
[EventRounds "9"]
[EventCountry "GER"]
[SourceTitle "EXT 2008"]
[Source "ChessBase"]
[SourceDate "2007.11.25"]
[SourceVersion "1"]
[SourceVersionDate "2007.11.25"]
[SourceQuality "1"]

1. e4 d6 2. d4 Nf6 3. Nc3 e5 4. Nf3 exd4 5. Nxd4 Be7 6. Bd3 0-0 7. h3 Nc6 8. Nxc6 bxc6 9. 0-0 Nd7 10. Be3 Bf6 11. Qd2 Bb7 12. Rab1 Re8 13. f3 Ne5 14. Be2 Qe7 15. Bf2 Ng6 16. g3 Qe6 17. Kg2 Bc8 18. Rh1 a5 19. Bd4 Bb7 20. b3 Bxd4 21. Qxd4 Ne5 22. Rbe1 Qf6 23. Rhf1 Nxf3 24. Qxf6 Nxe1+ 25. Kf2 gxf6 26. Kxe1 Kg7 27. Kd2 Re5 28. Rf4 Bc8 29. g4 Be6 30. Bd3 h5 31. Ne2 hxg4 32. hxg4 Rg5 33. Nd4 Bxg4 34. Nxc6 Bd7 35. Ne7 c6 36. a4 Rb8 37. Kc3 Rb4 38. Rf3 Rc5+ 39. Kd2 Kf8 40. Nf5 Bxf5 41. exf5 Rh4 42. Rg3 Rh2+ 43. Kc1 Re5 44. Kb2 d5 45. Rf3 c5 46. Kc3 Rh4 47. Bb5 Rh5 48. Bd3 Rh4 49. Bb5 c4 50. bxc4 dxc4 51. Ba6 Rc5 52. Bb5 Rh5 53. Bd7 Ke7 54. Kd4 Kd6 55. Be8 c3 56. Bxf7 Rh4+ 57. Kd3 Rxa4 58. Re3 Rxf5 59. Re6+ Kc5 60. Kxc3 Rf3+ 61. Kb2 Rb4+ 62. Ka2 Rf2 63. Bg6 Rb6 64. Re3 f5 65. Re5+ Kd4 0-1